Impacto del comercio electrn̤ico en el derecho de la contratacin̤

Detalles Bibliográficos
Autor principal: Flores Doą, Mara̕ de la Sierra
Formato: Desconocido
Lenguaje:español
Publicado: Madrid : Edersa, D.L. 2002
Colección:Cuadernos mercantiles (Editoriales de Derecho Reunidas)
Materias:
Acceso en línea:Acceso restringido

MARC

LEADER 00000ny a22000003n 4500
005 20110601140037.0
008 041229s2002 sp s 001 0 spa c
017 |a D.L. M.15423-2002 
020 |a 8484940357 
035 |a 1636 
040 |a SpMaUCEM  |d vLex 
040 |a UMA.RE  |d vLex 
080 |a 347.44:004.7 
090 |c 411  |d 411 
100 1 |a Flores Doą, Mara̕ de la Sierra 
245 1 0 |a Impacto del comercio electrn̤ico en el derecho de la contratacin̤  |h [Recurso electrn̤ico]  |c Mara̕ de la Sierra Flores Doą 
256 |a Servicio en ln̕ea 
260 |a Madrid :  |b Edersa,  |c D.L. 2002 
300 |a 495 p. ;  |c 20 cm 
490 1 |a Cuadernos mercantiles ;  |v 20 
506 1 |a Contenido solo disponible en los productos indicados  |d vLex Global  |d vLex Global (Academic Edition, excluding Law Schools)  |d vLex Global (U.S. Academic Edition, Law Schools)  |d vLex Global (U.S. Academic Edition, excluding Law Schools)  |d vLex Global (Academic Edition, Law Schools) 
650 0 7 |a Comercio electrn̤ico  |2 Tesauro vLex 
650 0 7 |a Nuevas tecnologa̕s  |2 Tesauro vLex 
650 0 7 |a Otras tarjetas y el comercio electrn̤ico  |2 Tesauro vLex 
650 0 7 |a Contratacin̤ electrn̤ica  |2 Tesauro vLex 
740 0 |a vLex Libros (Servicios en ln̕ea) 
830 0 |a Cuadernos mercantiles (Editoriales de Derecho Reunidas) 
856 4 0 |u http://vlex.com/source/1636  |z Acceso restringido 
942 |c BOOK 
999 0 |a Electronic commerce  |b Madrid